000 00722cab a2200241 4500
001 ABS48447
008 090401t1993 xxu||||| |||| 00| 0 eng d
035 _a(Sirsi) u66779
041 _aeng
100 _aPlumbe, G.
245 _aThere is life beyond privity
260 _c1993
350 _a0
490 _aEstates Times
_v(1185) 16 April 1993, 7(1)
520 _aWeighs up the effects of abolishing privity of contract including existing liabilities, test of reasonableness, lease renewals, and market values.
650 _aLEASE REFORM
650 _aLEASE STRUCTURE
650 _aLEASES
650 _aPRIVITY OF CONTRACT
690 _aPROPERTY-LANDLORD AND TENANT
942 _n0
948 _c04/03/1997
999 _c41723
_d41723